Quizzes
Events
Quiz Creation
Community
Videos
Private Events
Remove Ads
Sign In
Join for FREE
Feedback
Dark Mode
Quiz Categories
Sports
Geography
Music
Movies
Television
Just For Fun
Miscellaneous
History
Literature
Language
Science
Gaming
Entertainment
Religion
Holiday
For Kids
Quiz Lab
Recent
Popular Today
Quiz Kudos Today
Editor Picks
Curator Picks
Quizzes by...
Day
Popularity
Type
Ratings
Length
Year
Community
Subscriptions
Recent Discussions
Orange Saloon
Badges
Playlists
Quests
Create
Leaderboards
Showdown
Live 5
Trivia Bingo
Activity
Puzzle Library
Sporcle Events
Private Events
Virtual Trivia
Globe League
Become a Host
Pub Owners
SporcleCon
Opinionation
Our Games
Videos
Blog
Mobile Apps
Partnerships
Remove Ads and Go Orange
Feedback
Sports
Athletes
MLB
NBA
NHL
NFL
Soccer
Sports Teams
WWE
NCAA
Football
Premier League
Basketball
Baseball
Hockey
Golf
Tennis
Cricket
Rugby
Auto Racing
Olympics
World Cup
Sports
Athletes
MLB
NBA
NHL
NFL
Soccer
Sports Teams
WWE
NCAA
Football
Premier League
Basketball
Baseball
Hockey
Golf
Tennis
Cricket
Rugby
Auto Racing
Olympics
World Cup
Random Quiz
Search Sporcle
×
Quiz Lab
Quiz Lab
Sports
Player
Type in answers that appear in a list
Type in answers that appear in a list
Classic
Best Score? Go Orange.
Starting line ups 2016 All Ireland final Stats
Can you name the Starting line ups from the 2016 All Ireland final?
By
SportsJOEdotie
2m
15 Questions
772 Plays
772 Plays
772 Plays
Comments
Comments
Give Quiz Kudos
Give Quiz Kudos
-
- Ratings
hide this ad
Replay
Link that replays current quiz
Next Quiz
Link to next quiz in quiz playlist
You Got
0%
They Got
Avg Score
63%
Avg Friend Score
Upgrade to see
Score Distribution
Jump to the score distribution portion of the page
Score
0/15
Timer
02:00
0
Plays Today
Number
Player
% Correct
1
Stephen Cluxton
97.4%
3
Jonny Cooper
80.4%
2
Philly McMahon
80.2%
15
Bernard Brogan
78.6%
8
Brian Fenton
77.2%
14
Diarmuid Connolly
72.7%
6
Cian O'Sullivan
69.3%
5
James McCarthy
68.3%
Number
Player
% Correct
13
Dean Rock
67%
12
Ciaran Kilkenny
66.2%
7
John Small
64.9%
10
Paul Flynn
62.2%
4
David Byrne
29.4%
9
Michael Darragh Macauley
19.4%
11
Kevin McManamon
12.8%
Quiz Playlist
Details
Report
Send in Message
Add To Playlist
Classic:
Type in answers that appear in a list
Last Updated: Sep 12, 2017
Quiz Scoreboard
CHALLENGE
Sign Up to Join the Scoreboard
Show All
Scores
Hide
Comments
May contain spoilers
Recently Published
Movies - When Are They Set?
by FPL_Elf
Movies
5m
Popular People in 1961
by mucciniale
History
6m
1-10 Letter E Words III
by El_Dandy
Language
2m
More to Explore
Quiz From the Vault
Featured Blog Post
Where Did the Easter Bunny Come From?
hide this ad
You Might Also Like...
Tags
2016
final
Ireland
Player
Starting
Today's Top Quizzes in Sports
Browse Sports
hide this ad
Today's Top Quizzes in Player
Browse Player
Top Contributed Quizzes in Sports
1
Les meilleurs buteurs des matchs entre le PSG et l’OM
2
Les entraîneurs de l'OM et du PSG au 21e siècle
3
FIFA Club World Cup Champions
4
2022 World Cup Stars
5
Name the Premier League winners with different clubs
6
La finale Lions - Afrique du Sud 2021
7
Criteria MLB: Left Handed Sluggers
8
Players with Multiple 50 Home Run Seasons
9
MLB Players with Two .350 Batting Average Seasons
10
MLB Hall of Famer by Rings
Explore More
Trending Topics
Anime
Kpop
Disney
Harry Potter
Crossword
Marvel
NBA
Soccer
Pokémon
Puzzle
Country
NFL
Song
WWE
The Office
hide this ad
More By:
SportsJOEdotie
Quiz
Plays
Rating
Category
Featured
Created
Most successful Gaelic Football counties
325,462
2.00
Sports
Jan 6, 2017
Manchester United International Teams
168,884
3.58
Sports
May 20, 2017
Premier League Legends by Transfer History
164,265
3.92
Sports
Jul 7, 2017
Robbie Keane quiz
130,154
1.88
Sports
Jan 17, 2017
Premier League Nationality 2
112,068
3.50
Sports
May 25, 2017
Go to Creator's Profile
Score Distribution
Quiz Creator Spotlight
SportsJOEdotie
Follow
Send a Message
Quizzes Created
-
Created Quiz Play Count
-
More By This Creator
Popular Quizzes Today
1
Find the US States - No Outlines Minefield
2
Find the Countries of Europe - No Outlines Minefield
3
The Countries of the World
4
Popular People in 1961
5
1-10 Letter E Words III
6
US States
7
Find the US States
8
One Thing in Common: World Cities II
More Sports Quizzes
2022 FIFA World Cup Blitz: Round of 16 or not?
Curator's Pick
Trending Quizzes
Risky Map Clicking: Least Populous States A-Z
1-10 Letter F Words
1-10 Letter G Words
One Thing in Common: United Kingdom
Risky Map Clicking: Next State Alphabetically
Recently Updated
Leaping Animals
pecheneg
Reality TV Shows (A-Z)
bhenderson79
Rickey Henderson's Hall of Fame Teammates
pecheneg
Champions League XIs: Arsenal
pecheneg
Quick Pick: Celebrities in WWE's Hall of Fame
aduchscher
A-Z Keypad Blitz II
pecheneg
Multiple Oscar Actors
pecheneg
Mystery Phrase Blitz: Oscar 'Best Actors'
pecheneg
F. Scott Fitzgerald Novels
LTH
Pick 3 Villains
ddd62291
Trending Topics
Anime
Kpop
Disney
Crossword
Harry Potter
NBA
Marvel
WWE
The Office
Pokémon
Puzzle
Soccer
NFL
Country
Song
Your Account Isn't Verified!
In order to create a playlist on Sporcle, you need to verify the email address you used during registration. Go to your
Sporcle Settings
to finish the process.
Report this User
Report this user for behavior that violates our
Community Guidelines
.
Details:
Send Report
Go to the Sporcle.com Mobile Site →
Comments